| 000 | 01925nam a2200409 a 4500 | ||
|---|---|---|---|
| 003 | BLK | ||
| 005 | 20240322005329.0 | ||
| 008 | 180411b bul|||||r ||||||| ||bul|| | ||
| 010 | _aKNG00184055000 | ||
| 040 | _aBLK | ||
| 041 |
_aBUL _cBUL |
||
| 080 |
_aТехнически прогрес _b62.001.71 _x(092) _z62.001.71(092) |
||
| 080 |
_aИталиански архитект, изобретател, инженер, скулптор и художник от епохата на Ренесанса _b929 Леонардо да Винчи _z929 Леонардо да Винчи |
||
| 100 | 1 |
_aТалев, Братислав Димитров _eпърви автор _9381949 |
|
| 139 |
_aТалев, Братислав Димитров _bТ 25 |
||
| 245 | 1 | 0 |
_aСъвременник на вековете _bЛеонардо да Винчи _cБратислав Димитров Талев; худож. Димитър Новачков. |
| 257 | _aBGR | ||
| 260 |
_aСофия _bНар. младеж _c1980 _fСофия : ДП Балкан |
||
| 300 |
_a160 с. _bс ил., сн. _c17Х24 см |
||
| 380 | _a62 | ||
| 500 | _aОфс. изд. - 25 000 тир. - Идеите на Леонардо да Винчи и съвр. науч.-техн. развитие. | ||
| 600 | 1 | 4 |
_aЛеонардо да Винчи _9364024 |
| 650 | 0 |
_aТехнически прогрес _9260527 |
|
| 650 | 4 |
_aОткрития _9165335 |
|
| 650 | 4 |
_aЛеонардо да Винчи _9364024 |
|
| 653 | _aЛеонардо да Винчи | ||
| 653 | _aтехнически прогрес | ||
| 653 | _aоткрития | ||
| 700 | 1 |
_aНовачков, Димитър _eхудож. _9383239 |
|
| 852 |
_aЦб І 18554 _bЦб |
||
| 856 | 4 | _qpdf | |
| 856 | 4 | _qpdf | |
| 942 |
_cKNG _n0 |
||
| 944 |
_aCR _c23.10.2015 _k _lCRON CRON |
||
| 944 |
_aED _c23.10.2015 _kЕлица_Владова |
||
| 999 |
_c175485 _d175485 |
||
| 999 | _d175485 | ||